Personnages de mario kart - Statistiques

Statistiques générales
  • Ce quiz a été pris 72 fois
  • Le résultat moyen est 66 sur 103
Statistiques - réponses
Jeu Personnages % Correct
Mario kart 7 | Mario kart 8 | Mario kart double dash | Mario kart wii mario
100%
Mario kart 7 | Mario kart 8 | Mario kart double dash | Mario kart wii peach
96%
Mario kart 7 | Mario kart 8 | Mario kart double dash | Mario kart wii luigi
95%
Mario kart 7 | Mario kart 8 | Mario kart double dash | Mario kart wii bowser
93%
Mario kart 8 | Mario kart double dash | Mario kart wii waluigi
93%
Mario kart 7 | Mario kart 8 | Mario kart double dash | Mario kart wii wario
93%
Mario kart 7 | Mario kart 8 | Mario kart double dash | Mario kart wii daisy
89%
Mario kart 7 | Mario kart 8 | Mario kart double dash | Mario kart wii yoshi
86%
Mario kart 7 | Mario kart 8 | Mario kart double dash | Mario kart wii donkey kong
84%
Mario kart 7 | Mario kart 8 | Mario kart double dash | Mario kart wii toad
82%
Mario kart 8 | Mario kart double dash | Mario kart wii bebe mario
81%
Mario kart 8 | Mario kart double dash | Mario kart wii bebe luigi
77%
Mario kart 7 | Mario kart 8 | Mario kart wii harmonie
77%
Mario kart 8 | Mario kart wii bebe peach
75%
Mario kart 8 | Mario kart double dash | Mario kart wii koopa
70%
Mario kart 8 | Mario kart wii bebe daisy
65%
Mario kart double dash | Mario kart wii diddy kong
63%
Mario kart wii roi Boo
61%
Mario kart 8 | Mario kart double dash roi boo
61%
Mario kart 8 | Mario kart double dash | Mario kart wii toadette
61%
Mario kart 8 | Mario kart double dash | Mario kart wii bowser junior
54%
Mario kart 7 | Mario kart 8 | Mario kart wii mii
53%
Mario kart 8 | Mario kart wii skelerex
49%
Mario kart 8 link
47%
Mario kart double dash | Mario kart wii birdo
46%
Mario kart 7 | Mario kart 8 maskas
42%
Mario kart 8 bebe harmonie
40%
Mario kart wii funky kong
39%
Mario kart 8 | Mario kart wii bowser skelet
37%
Mario kart 7 | Mario kart 8 lakitu
37%
Mario kart 8 larry
32%
Mario kart 8 ludwig
32%
Mario kart 8 roy
32%
Mario kart 8 wendy
30%
Mario kart 7 | Mario kart 8 mario metal
28%
Mario kart 8 peach d'or
28%
Mario kart 8 villageois
28%
Mario kart 8 morton
26%
Mario kart 8 lemmy
25%
Mario kart 8 iggy
23%
Mario kart 7 wiggler
23%
Mario kart 8 mario tanuki
21%
Mario kart 8 fille inkling
19%
Mario kart 8 garçon inkling
19%
Mario kart 7 reine des abeilles
18%
Mario kart 8 villageoise
18%
Mario kart double dash flora piranha
16%
Mario kart 8 marie
16%
Mario kart double dash paratroopa
16%
Mario kart 8 peach cat
2%
Aucun quiz correspondant
Distribution des résultats
% des personnes avec chaque résultat
Percentile par nombre de réponses
Votre historique - résultats
Vous n’avez pas pris ce quiz